[Event "Lugano Paradiso op"]
[Site "Lugano"]
[Date "2023.05.26"]
[Round "1"]
[White "Rabbiosi, Carlo"]
[Black "Capata, Ion"]
[Result "0-1"]
[WhiteElo "1531"]
[BlackElo "2047"]
[PlyCount "34"]
[EventDate "2023.05.26"]
[EventType "swiss"]
[EventRounds "5"]
[EventCountry "SUI"]
[SourceTitle "CBM 214 Extra"]
[Source "ChessBase"]
[SourceDate "2023.07.31"]
[SourceVersion "1"]
[SourceVersionDate "2023.07.31"]
[SourceQuality "1"]

1. e4 e5 2. Nf3 Nc6 3. Bb5 Nf6 4. d3 Ne7 5. c3 c6 6. Ba4 Ng6 7. Bc2 d5 8. Bg5 dxe4 9. Bxf6 Qxf6 10. dxe4 Bg4 11. Nbd2 Nh4 12. 0-0 0-0-0 13. Qe2 Rxd2 14. Qxd2 Bxf3 15. g3 Qe6 16. Rfd1 Bc5 17. Bb3 Qh3 0-1

[Event "Vimercate op 6th"]
[Site "Vimercate"]
[Date "2012.11.23"]
[Round "1"]
[White "Rabbiosi, Carlo"]
[Black "Salvador, Roland"]
[Result "0-1"]
[WhiteElo "1812"]
[BlackElo "2477"]
[PlyCount "30"]
[EventDate "2012.11.23"]
[EventType "swiss"]
[EventRounds "5"]
[EventCountry "ITA"]
[SourceTitle "CBM 151 Extra"]
[Source "ChessBase"]
[SourceDate "2012.12.18"]
[SourceVersion "1"]
[SourceVersionDate "2012.12.18"]
[SourceQuality "1"]

1. e4 c6 2. d4 d5 3. Nc3 dxe4 4. Nxe4 Nf6 5. Nxf6+ exf6 6. Nf3 Bd6 7. Be3 0-0 8. Qd2 Re8 9. 0-0-0 b5 10. h3 Be6 11. Kb1 Na6 12. g4 Nb4 13. b3 Bd5 14. Be2 Qa5 15. c3 Be4+ 0-1

[Event "Ceriano Laghetto op-B 17th"]
[Site "Ceriano Laghetto"]
[Date "2008.03.30"]
[Round "4"]
[White "Azzolin, Lorenzo"]
[Black "Rabbiosi, Carlo"]
[Result "1-0"]
[WhiteElo "1638"]
[BlackElo "1838"]
[PlyCount "83"]
[EventDate "2008.03.28"]
[EventType "swiss"]
[EventRounds "5"]
[EventCountry "ITA"]
[SourceTitle "EXT 2011"]
[Source "ChessBase"]
[SourceDate "2010.11.26"]
[SourceVersion "1"]
[SourceVersionDate "2010.11.26"]
[SourceQuality "1"]

1. e4 e5 2. Nf3 Nc6 3. Bb5 a6 4. Bxc6 dxc6 5. 0-0 Bd6 6. Re1 Bg4 7. d3 Nf6 8. Be3 Qd7 9. Nbd2 0-0-0 10. Nc4 Qe7 11. h3 Bh5 12. Bg5 h6 13. Bh4 g5 14. Bg3 g4 15. hxg4 Bxg4 16. Bxe5 Bxe5 17. Ncxe5 Bxf3 18. Nxf3 h5 19. Qd2 h4 20. e5 Nd5 21. Qg5 Qd7 22. c4 Rdg8 23. e6 fxe6 24. Qe5 Nb4 25. Rad1 Nxd3 26. Qc3 h3 27. Rxd3 hxg2 28. Qxh8 Rxh8 29. Rxd7 Rh1+ 30. Kxg2 Rxe1 31. Rd2 Re4 32. b3 b6 33. Kf1 Kb7 34. Re2 Rxe2 35. Kxe2 c5 36. Ne5 c6 37. Ke3 a5 38. Ke4 b5 39. Nd3 Kb6 40. Ke5 b4 41. Kxe6 a4 42. f4 1-0

[Event "Ceriano Laghetto op-B 17th"]
[Site "Ceriano Laghetto"]
[Date "2008.03.30"]
[Round "5"]
[White "Rabbiosi, Carlo"]
[Black "Brighenti, Alessandro"]
[Result "1-0"]
[WhiteElo "1838"]
[BlackElo "1593"]
[PlyCount "30"]
[EventDate "2008.03.28"]
[EventType "swiss"]
[EventRounds "5"]
[EventCountry "ITA"]
[SourceTitle "EXT 2011"]
[Source "ChessBase"]
[SourceDate "2010.11.26"]
[SourceVersion "1"]
[SourceVersionDate "2010.11.26"]
[SourceQuality "1"]

1. e4 e5 2. f4 d5 3. d3 exf4 4. Bxf4 dxe4 5. Nc3 Bb4 6. dxe4 Qxd1+ 7. Rxd1 Nf6 8. Bd3 0-0 9. Nge2 Re8 10. 0-0 Bc5+ 11. Kh1 Ng4 12. Nd5 Nf2+ 13. Rxf2 Bxf2 14. Nxc7 Re7 15. Nxa8 Bg4 1-0